Library Logo

Pioneer International University Library Catalogue

Emotional health / (Record no. 9205)

MARC details
000 -LEADER
fixed length control field 00958pam a2200277 a 4500
001 - CONTROL NUMBER
control field 1897672
003 - CONTROL NUMBER IDENTIFIER
control field OSt
005 - DATE AND TIME OF LATEST TRANSACTION
control field 20250901165801.0
008 - FIXED-LENGTH DATA ELEMENTS--GENERAL INFORMATION
fixed length control field 841221s1985 paua 001 0 eng
010 ## - LIBRARY OF CONGRESS CONTROL NUMBER
LC control number 84027719
020 ## - INTERNATIONAL STANDARD BOOK NUMBER
International Standard Book Number 0878575510 :
Terms of availability $13.95
040 ## - CATALOGING SOURCE
Original cataloging agency DLC
Transcribing agency DLC
Modifying agency DLC
050 00 - LIBRARY OF CONGRESS CALL NUMBER
Classification number RA 790 .B74 1985
Item number .B74 1985
082 00 - DEWEY DECIMAL CLASSIFICATION NUMBER
Classification number 158
Edition information 19
100 1# - MAIN ENTRY--PERSONAL NAME
Personal name Brenton, Myron.
245 10 - TITLE STATEMENT
Title Emotional health /
Statement of responsibility, etc. by Myron Brenton and the editors of Prevention magazine.
260 ## - PUBLICATION, DISTRIBUTION, ETC.
Place of publication, distribution, etc. Emmaus, Pa. :
Name of publisher, distributor, etc. Rodale Press,
Date of publication, distribution, etc. c1985.
300 ## - PHYSICAL DESCRIPTION
Extent vii, 168 p. :
Other physical details ill. (some col.) ;
Dimensions 29 cm.
440 #4 - SERIES STATEMENT/ADDED ENTRY--TITLE
Title The Prevention total health system
500 ## - GENERAL NOTE
General note On t.p. the registered trademark symbol "R" is superscript following "Prevention" in the statement of responsibility and series areas.
500 ## - GENERAL NOTE
General note Includes index.
650 #0 - SUBJECT ADDED ENTRY--TOPICAL TERM
Topical term or geographic name entry element Mental health.
730 0# - ADDED ENTRY--UNIFORM TITLE
Uniform title Prevention (Emmaus, Pa.)
906 ## - LOCAL DATA ELEMENT F, LDF (RLIN)
a 7
b cbc
c orignew
d 1
e ocip
f 19
g y-gencatlg
942 ## - ADDED ENTRY ELEMENTS (KOHA)
Source of classification or shelving scheme Library of Congress Classification
Koha item type Books
Holdings
Withdrawn status Lost status Source of classification or shelving scheme Damaged status Not for loan Home library Current library Shelving location Date acquired Total checkouts Full call number Barcode Date last seen Price effective from Koha item type
    Library of Congress Classification     Main Library Main Library   12/13/2024   RA 790 .B74 1985 PIU0008026 12/13/2024 12/13/2024 Books